| 000 | 00419ntaaa2200157 4500 | ||
|---|---|---|---|
| 003 | 01 | ||
| 005 | 20251027201249.0 | ||
| 008 | 0714s1973 ag 01 | ||
| 040 |
_aAR-BaBN _bspa _cAR-BaBN _eaacr _dRIC |
||
| 082 | _a220.93 M378 | ||
| 100 |
_aMartigny, M. L. _910820 |
||
| 245 |
_aDictionare antiquités Chretiennes / _cM. L. Martigny |
||
| 250 |
_a1 ed. : _bs.l., _c1865 |
||
| 650 |
_aBiblia-Antigüedades _98754 |
||
| 942 | _cBK | ||
| 999 |
_c7007 _d7007 |
||